000
00329nam a2200157Ia 4500
100
_a
Philips
650
_a
Electrical Engineering
490
_v
2
942
_c
BK
654
_a
Radio theory
245
_a
Radio theory
260
_b
Peico electronics
_a
Bombay
_c
1980
082
_a
621.38
300
_a
583
546
_a
ENGLISH
999
_c
34241
_d
34241